Journal of Tourism, Hospitality and Commerce vědecko-odborný recenzovaný časopis

Salvato in:
Dettagli Bibliografici
Natura: Periodico
Lingua:ceco
Pubblicazione: Brno Vysoká škola obchodní a hotelová s.r.o. Brno 2019
Tags: Aggiungi Tag
Nessun Tag, puoi essere il primo ad aggiungerne!!

MARC

LEADER 00000nas2a2200000 4500
001 0262634
005 20200225154528.3
022 |a 1804-3836 
041 0 |a cze 
044 |a CZ 
245 1 0 |a Journal of Tourism, Hospitality and Commerce  |b vědecko-odborný recenzovaný časopis 
264 1 |a Brno  |b Vysoká škola obchodní a hotelová s.r.o. Brno  |c 2019 
773 0 |w eu_un_cat*0207940